[Event "OL-NORD WEST 1617 SF Hannover - Bremer"]
[Site "?"]
[Date "2017.01.15"]
[Round "4.7"]
[White "Krajina, Davor"]
[Black "Herrmann, Andreas"]
[Result "1-0"]
[WhiteElo "2262"]
[BlackElo "2144"]
[PlyCount "115"]
[EventDate "2017.??.??"]

1. e4 c5 2. Nf3 d6 3. b3 Nf6 4. Bb5+ Nbd7 5. e5 dxe5 6. Nxe5 a6 7. Nxd7 Bxd7 8.
Bxd7+ Qxd7 9. O-O e6 10. Bb2 Be7 11. d3 O-O 12. Nd2 b5 13. a4 Rfd8 14. Qf3 Rac8
15. Ne4 Nxe4 16. Qxe4 Qd5 17. Qg4 Bf8 18. Rfe1 Qc6 19. Re3 f5 20. Qe2 Re8 21.
axb5 axb5 22. Ra7 c4 23. dxc4 bxc4 24. Qh5 Re7 25. Rxe7 Bxe7 26. Rh3 h6 27. Rg3
Bf8 28. Qxh6 Rc7 29. h3 Qe4 30. Qe3 Qxc2 31. Qxe6+ Rf7 32. Be5 cxb3 33. Rxb3
Qd1+ 34. Kh2 Qd7 35. Qc4 Bd6 36. f4 Bxe5 37. fxe5 Qc7 38. Qd5 Kh7 39. Rb4 Re7
40. Rb5 Qc3 41. Qd1 g6 42. Qd6 Rg7 43. Rb4 Qc7 44. Rh4+ Kg8 45. Qe6+ Rf7 46.
Qxg6+ Kf8 47. Qe6 Qc1 48. Qd6+ Kg7 49. e6 Qc7 50. Rd4 Qxd6+ 51. Rxd6 Rf8 52. e7
Re8 53. Re6 Kf7 54. Re2 Kf6 55. Kg3 Kg5 56. h4+ Kg6 57. Kf4 Kf6 58. h5 1-0

[Event "OL-NORD WEST 1617 SF Hannover - Bremer"]
[Site "?"]
[Date "2017.01.15"]
[Round "4.8"]
[White "Streich, Gerhard"]
[Black "Stieglitz, Dirk"]
[Result "1/2-1/2"]
[WhiteElo "2109"]
[BlackElo "2094"]
[PlyCount "58"]
[EventDate "2017.??.??"]

1. d4 d5 2. c4 c6 3. e3 Nf6 4. Nc3 Bf5 5. Qb3 Qb6 6. c5 Qc7 7. Nf3 h6 8. Ne2
Nbd7 9. Ng3 Bh7 10. Qc3 e5 11. b4 exd4 12. exd4 Be7 13. Be2 O-O 14. O-O Ne4 15.
Nxe4 dxe4 16. Nd2 f5 17. f3 Kh8 18. Nc4 Nf6 19. Bb2 Nd5 20. Qd2 Bg5 21. Qe1
Rad8 22. fxe4 fxe4 23. Rxf8+ Rxf8 24. Bf1 Qf4 25. g3 Qf3 26. Bg2 Qd3 27. Bf1
Qf3 28. Bg2 Qd3 29. Bf1 Qf3 1/2-1/2

[Event "OL-NORD WEST 1617 SV Werder Bremen - SV"]
[Site "?"]
[Date "2017.01.15"]
[Round "4.1"]
[White "Armbrust, Florian"]
[Black "Steffens, Olaf"]
[Result "1-0"]
[WhiteElo "2284"]
[BlackElo "2248"]
[PlyCount "43"]
[EventDate "2017.??.??"]

1. g3 c5 2. c4 b6 3. Bg2 Nc6 4. b3 g6 5. Bb2 Nf6 6. d4 cxd4 7. Nf3 e5 8. Nxe5
Bb4+ 9. Nd2 Nxe5 10. Bxa8 d5 11. Bxd4 Bh3 12. Bxe5 Ne4 13. Bc6+ Ke7 14. Bf4 g5
15. Be3 Bg2 16. Rg1 Qd6 17. Rxg2 Qxc6 18. Kf1 d4 19. Nxe4 dxe3 20. Qd5 Qxd5 21.
cxd5 f5 22. Nxg5 1-0

[Event "OL-NORD WEST 1617 SV Werder Bremen - SV"]
[Site "?"]
[Date "2017.01.15"]
[Round "4.2"]
[White "Kardoeus, David"]
[Black "Raum, Sebastian"]
[Result "1-0"]
[WhiteElo "2173"]
[BlackElo "2128"]
[PlyCount "57"]
[EventDate "2017.??.??"]

1. e4 c5 2. Nf3 d6 3. d4 cxd4 4. Nxd4 Nf6 5. Nc3 a6 6. Bg5 e6 7. f4 Nbd7 8. Bc4
b5 9. Bxe6 fxe6 10. Nxe6 Qb6 11. Nd5 Qc6 12. Ndc7+ Ke7 13. Qd4 Bb7 14. e5 Rc8
15. O-O-O dxe5 16. fxe5 Rxc7 17. Nxc7 Qxc7 18. Rhe1 Nxe5 19. Rxe5+ Kf7 20. Rde1
Bd6 21. Re6 Rc8 22. c3 Bc5 23. Qh4 Kg8 24. Bxf6 gxf6 25. Qg4+ Kh8 26. Re8+ Bf8
27. R1e7 Qxe7 28. Rxe7 Bxe7 29. Qd7 1-0

[Event "OL-NORD WEST 1617 SV Werder Bremen - SV"]
[Site "?"]
[Date "2017.01.15"]
[Round "4.3"]
[White "Schmidt, Alexander"]
[Black "Brinkmann, Fabian"]
[Result "1-0"]
[WhiteElo "2128"]
[BlackElo "2105"]
[PlyCount "43"]
[EventDate "2017.??.??"]

1. e4 c6 2. d4 d5 3. f3 g6 4. Nc3 Bg7 5. Nge2 e6 6. Be3 Ne7 7. Qd2 h5 8. O-O-O
Nd7 9. Kb1 b5 10. Nf4 b4 11. Na4 Qa5 12. b3 O-O 13. Nd3 dxe4 14. fxe4 c5 15.
Ndxc5 Nxc5 16. Nxc5 Rd8 17. Bc4 Nc6 18. Qf2 Qc7 19. Rhf1 a5 20. h3 Bb7 21. g4
h4 22. Nxe6 1-0

[Event "OL-NORD WEST 1617 SV Werder Bremen - SV"]
[Site "?"]
[Date "2017.01.15"]
[Round "4.4"]
[White "Lai Hop, Duong"]
[Black "Markgraf, Stefan"]
[Result "1-0"]
[WhiteElo "2173"]
[BlackElo "2111"]
[PlyCount "95"]
[EventDate "2017.??.??"]

1. d4 Nf6 2. Nf3 e6 3. Bf4 b6 4. e3 Bb7 5. Nbd2 d6 6. Bd3 Nbd7 7. Qe2 Be7 8. h3
O-O 9. e4 c5 10. c3 Re8 11. O-O Nf8 12. g4 Ng6 13. Bg3 Bf8 14. Rad1 Qc8 15. Nh4
a5 16. f4 Ba6 17. f5 Nxh4 18. Bxh4 e5 19. d5 Be7 20. Bxa6 Qxa6 21. Qxa6 Rxa6
22. Bxf6 Bxf6 23. a4 Rb8 24. c4 Bg5 25. Nb1 Be3+ 26. Kg2 Kf8 27. Kf3 Bf4 28.
Nc3 g5 29. Rh1 Ke7 30. h4 h6 31. Ne2 Raa8 32. hxg5 hxg5 33. Rh6 Rf8 34. Rdh1
Rad8 35. Rh7 Rd7 36. Nc3 Rfd8 37. R1h6 Rf8 38. Nb5 Bc1 39. b3 Bb2 40. Re6+ Kd8
41. Rxd6 Rxd6 42. Nxd6 Ke7 43. Nb5 Rd8 44. Rh6 Rb8 45. Na7 Rb7 46. Nc6+ Kd7 47.
Rh5 Bc1 48. Nxe5+ 1-0

[Event "OL-NORD WEST 1617 SV Werder Bremen - SV"]
[Site "?"]
[Date "2017.01.15"]
[Round "4.5"]
[White "Karwatt, Lothar"]
[Black "Buescher, Andre"]
[Result "0-1"]
[WhiteElo "2124"]
[BlackElo "2048"]
[PlyCount "94"]
[EventDate "2017.??.??"]

1. d4 Nf6 2. c4 g6 3. Nc3 d5 4. cxd5 Nxd5 5. e4 Nxc3 6. bxc3 Bg7 7. Nf3 c5 8.
Rb1 O-O 9. Be2 Nc6 10. d5 Bxc3+ 11. Bd2 Bxd2+ 12. Qxd2 Nd4 13. Nxd4 cxd4 14.
Qxd4 Qa5+ 15. Qd2 Qxd2+ 16. Kxd2 Rd8 17. Ke3 e6 18. dxe6 Bxe6 19. Rxb7 Bxa2 20.
Ra1 Be6 21. Raxa7 Rxa7 22. Rxa7 Rb8 23. Rc7 Rb1 24. f4 h5 25. Bd3 Re1+ 26. Kf2
Rd1 27. Ke2 Rg1 28. Kf2 Rd1 29. Bc2 Rc1 30. Ke3 Re1+ 31. Kd4 Re2 32. f5 gxf5
33. exf5 Ba2 34. Be4 Kg7 35. Bf3 Rb2 36. Ke5 h4 37. h3 Rb4 38. Be4 Rb5+ 39. Kf4
Rb4 40. Rb7 Ra4 41. Ke5 Ra5+ 42. Kd4 Ra4+ 43. Ke3 Ra3+ 44. Kf4 Ra4 45. Rb2 Bd5
46. Re2 Kf6 47. Kf3 Rxe4 0-1

[Event "OL-NORD WEST 1617 SV Werder Bremen - SV"]
[Site "?"]
[Date "2017.01.15"]
[Round "4.6"]
[White "Schoetzig, Detlef"]
[Black "Hagemann, Sven"]
[Result "1/2-1/2"]
[WhiteElo "2114"]
[BlackElo "2007"]
[PlyCount "83"]
[EventDate "2017.??.??"]

1. Nf3 d5 2. d4 Nf6 3. c4 c6 4. e3 Bf5 5. Nc3 e6 6. Be2 Nbd7 7. O-O Ne4 8. Nd2
Nxc3 9. bxc3 Bd6 10. cxd5 exd5 11. c4 Nf6 12. Bb2 O-O 13. cxd5 cxd5 14. Bf3 Qd7
15. Qb3 Rfc8 16. Rfc1 Be6 17. Ba3 b6 18. Bxd6 Qxd6 19. Qb2 Bf5 20. Rxc8+ Rxc8
21. Rc1 Rc6 22. Bd1 Qc7 23. Rxc6 Qxc6 24. Nf3 Ne4 25. Bb3 Qc3 26. Qe2 Qc1+ 27.
Qf1 Qxf1+ 28. Kxf1 Be6 29. Ke1 f6 30. Nd2 Nxd2 31. Kxd2 Kf7 32. Kc3 a5 33. f3
f5 34. Bc2 b5 35. a3 Ke7 36. Bd3 Bd7 37. h3 Kd6 38. h4 g6 39. Be2 Bc6 40. Bd1
Ke6 41. Bc2 Kd6 42. h5 {(=)} 1/2-1/2

[Event "OL-NORD WEST 1617 SV Werder Bremen - SV"]
[Site "?"]
[Date "2017.01.15"]
[Round "4.7"]
[White "Petzold, Lutz Lukas"]
[Black "Elmali, Timur"]
[Result "1/2-1/2"]
[WhiteElo "2250"]
[BlackElo "2143"]
[PlyCount "79"]
[EventDate "2017.??.??"]

1. e4 d6 2. d4 Nf6 3. Nc3 g6 4. Bg5 Bg7 5. Qd2 c6 6. Bh6 Bxh6 7. Qxh6 Qa5 8.
O-O-O Be6 9. a3 Nbd7 10. Qd2 O-O-O 11. Nf3 h6 12. d5 Bg4 13. Be2 cxd5 14. exd5
Kb8 15. h3 Bxf3 16. Bxf3 Rc8 17. Ne4 Qxd2+ 18. Rxd2 Nxe4 19. Bxe4 Nc5 20. Re2
Nxe4 21. Rxe4 Rhe8 22. Rhe1 Rc7 23. Rf4 Rf8 24. Rh4 h5 25. Rhe4 Re8 26. g4 hxg4
27. hxg4 Kc8 28. Rh1 Kd7 29. Rh7 Rf8 30. Rf4 Ke8 31. Kd2 Rc5 32. Rd4 Kd7 33. c3
e5 34. dxe6+ Kxe6 35. f4 d5 36. Rh2 Kd6 37. Kd3 Re8 38. Rh7 Ke6 39. Rh2 Kd6 40.
Rh7 1/2-1/2

[Event "OL-NORD WEST 1617 SV Werder Bremen - SV"]
[Site "?"]
[Date "2017.01.15"]
[Round "4.8"]
[White "Pollmann, Sascha"]
[Black "Tietze, Manfred"]
[Result "1-0"]
[WhiteElo "2065"]
[BlackElo "1891"]
[PlyCount "115"]
[EventDate "2017.??.??"]

1. Nf3 d6 2. g3 Nf6 3. Bg2 g6 4. O-O Bg7 5. d3 O-O 6. e4 c5 7. Re1 e5 8. Nbd2
Nc6 9. c3 Bh6 10. a3 Nh5 11. b4 Qe7 12. Nc4 Bxc1 13. Rxc1 b5 14. Ne3 Nf6 15.
Nd5 Qd8 16. d4 c4 17. a4 a6 18. Ra1 Bb7 19. Nxf6+ Qxf6 20. d5 Ne7 21. Re2 Nc8
22. axb5 axb5 23. Rxa8 Bxa8 24. Ra2 Nb6 25. Ra5 Na4 26. Qc2 Rb8 27. Nd2 Qd8 28.
Nb1 Rb6 29. Na3 Qb8 30. Nxc4 bxc4 31. Qxa4 Bb7 32. Bh3 Kf8 33. Bg4 Ke7 34. Qd7+
Kf6 35. h4 h5 36. Be2 Bc8 37. Qd8+ Kg7 38. Bxc4 Rb7 39. Ba6 Qc7 40. Qxc7 Rxc7
41. Bxc8 Rxc8 42. Ra3 f5 43. exf5 gxf5 44. b5 e4 45. b6 Kf6 46. b7 Rb8 47. Rb3
Ke5 48. Rb5 e3 49. fxe3 Ke4 50. Kf2 Kd3 51. Kf3 Kc4 52. Rb1 Kxd5 53. Kf4 Ke6
54. Rb6 Kd5 55. Kxf5 Kc4 56. Ke6 Kxc3 57. Kxd6 Kd3 58. Kc7 1-0

[Event "OL-NORD WEST 1617 SV Tempo Göttin. - Po"]
[Site "?"]
[Date "2017.02.05"]
[Round "5.1"]
[White "Laubsch, Bernd"]
[Black "Armbrust, Florian"]
[Result "1/2-1/2"]
[WhiteElo "2294"]
[BlackElo "2284"]
[PlyCount "108"]
[EventDate "2017.??.??"]

1. e4 c5 2. Nf3 d6 3. d4 cxd4 4. Nxd4 Nf6 5. Nc3 Nc6 6. Bg5 e6 7. Qd2 Be7 8.
O-O-O Nxd4 9. Qxd4 O-O 10. f4 Qa5 11. Bc4 Bd7 12. e5 dxe5 13. fxe5 Bc6 14. h4
Bc5 15. Qf4 Nd5 16. Bxd5 exd5 17. Kb1 d4 18. Ne4 Bxe4 19. Qxe4 Rfe8 20. Qd5 Qc7
21. Rhe1 Re6 22. Re4 Rae8 23. Rde1 Qc6 24. Qb3 Kh8 25. h5 h6 26. Bf4 Qd7 27.
Qd3 Ra6 28. Bc1 Qe6 29. b3 Rc6 30. R1e2 Bb6 31. Bb2 Qf5 32. g4 Qf1+ 33. Re1
Qxd3 34. cxd3 Rd8 35. Rf1 Rc7 36. e6 fxe6 37. Rxe6 Kg8 38. a4 Rf7 39. Rxf7 Kxf7
40. Re4 Rd6 41. Kc2 Rc6+ 42. Kd1 Re6 43. Ke2 Rxe4+ 44. dxe4 Kf6 45. Kd3 Kg5 46.
Bxd4 Kxg4 47. e5 Kxh5 48. e6 Kg6 49. Be5 Bd8 50. Ke4 Be7 51. Kd5 h5 52. Bd6 Kf6
53. Be5+ Kg6 54. Bd6 Kf6 1/2-1/2

[Event "OL-NORD WEST 1617 SV Tempo Göttin. - Po"]
[Site "?"]
[Date "2017.02.05"]
[Round "5.2"]
[White "Petzold, Golo"]
[Black "Wiegmann, Sascha"]
[Result "1/2-1/2"]
[WhiteElo "2274"]
[BlackElo "2272"]
[PlyCount "70"]
[EventDate "2017.??.??"]

1. d4 Nf6 2. Nf3 g6 3. g3 Bg7 4. Bg2 O-O 5. O-O d6 6. b3 Nbd7 7. Bb2 e5 8. dxe5
Ng4 9. c4 a5 10. Nc3 Ngxe5 11. Qd2 a4 12. Nd5 c6 13. Ne3 Qf6 14. Nd4 Nc5 15.
Bc3 axb3 16. axb3 Be6 17. Rxa8 Rxa8 18. Rc1 Qe7 19. Qb2 Bd7 20. Qd2 h5 21. b4
Ne6 22. Rd1 Nxd4 23. Bxd4 Be6 24. Qc3 Bh6 25. c5 Nd7 26. cxd6 Qxd6 27. Bc5 Qe5
28. Bd4 Qd5 29. Bc5 Qe5 30. Bd4 Qb5 31. Bf3 Bf8 32. Nc2 Nb6 33. Qe3 Nc4 34. Qf4
Qf5 35. Qc1 Bg7 {(=)} 1/2-1/2

[Event "OL-NORD WEST 1617 SV Tempo Göttin. - Po"]
[Site "?"]
[Date "2017.02.05"]
[Round "5.3"]
[White "Gomolla, Peter"]
[Black "Schmidt, Alexander"]
[Result "1-0"]
[WhiteElo "2192"]
[BlackElo "2128"]
[PlyCount "63"]
[EventDate "2017.??.??"]

1. e4 d6 2. d4 g6 3. Nf3 Bg7 4. Be2 Nf6 5. Nc3 a6 6. a4 O-O 7. O-O Nbd7 8. h3
Rb8 9. Re1 c6 10. e5 Nd5 11. Nxd5 cxd5 12. exd6 exd6 13. Bf4 Nf6 14. Bd3 Be6
15. Qd2 Qd7 16. a5 Rbc8 17. c3 Rfe8 18. Re2 Bf5 19. Bxf5 Qxf5 20. Rae1 Rxe2 21.
Rxe2 Ne4 22. Qe3 Bf6 23. Nd2 g5 24. Nxe4 dxe4 25. Bxd6 Re8 26. f3 Qxa5 27. fxe4
h6 28. Qf3 Bg7 29. Rf2 Qa1+ 30. Kh2 Qa2 31. e5 Qb3 32. d5 1-0

[Event "OL-NORD WEST 1617 SV Tempo Göttin. - Po"]
[Site "?"]
[Date "2017.02.05"]
[Round "5.4"]
[White "Markgraf, Stefan"]
[Black "Schulze, Ingo"]
[Result "1-0"]
[WhiteElo "2111"]
[BlackElo "2035"]
[PlyCount "130"]
[EventDate "2017.??.??"]

1. e4 c6 2. d4 d5 3. e5 Bf5 4. Nf3 e6 5. Be2 c5 6. Be3 Qb6 7. Nc3 Nc6 8. Bb5
Bg4 9. dxc5 Bxc5 10. Bxc5 Qxc5 11. Qd4 Qxd4 12. Nxd4 Nge7 13. h3 Bh5 14. g4 Bg6
15. f4 O-O 16. O-O-O Nxd4 17. Rxd4 a6 18. Ba4 Rac8 19. Bb3 b5 20. Rf1 Nc6 21.
Rd2 h6 22. Rff2 Bh7 23. Ne2 a5 24. a4 Nb4 25. f5 bxa4 26. Bxa4 Nc6 27. Bxc6
Rxc6 28. Nd4 Rb6 29. fxe6 fxe6 30. Rxf8+ Kxf8 31. Nb3 Rb5 32. Rd4 g5 33. Rd2
Kg7 34. Nd4 Rb6 35. h4 gxh4 36. Rh2 Bg6 37. Rxh4 Bf7 38. Rh3 Rb4 39. c3 Rb6 40.
Rf3 Bg6 41. Rf6 Bf7 42. Nf5+ exf5 43. Rxb6 fxg4 44. Kd2 h5 45. Ke3 h4 46. e6
Bg6 47. e7 Be8 48. Rd6 Kf7 49. Rxd5 h3 50. Kf4 Kxe7 51. Kg3 a4 52. c4 Bd7 53.
c5 Be6 54. Rd4 Bd7 55. Rd6 Be6 56. Ra6 Bb3 57. Kxg4 h2 58. Rh6 Kd7 59. Kg3 h1=Q
60. Rxh1 Kc6 61. Rc1 Be6 62. Kf4 Kb5 63. Ke5 Bc8 64. Kd6 Kb4 65. Rc3 a3 1-0

[Event "OL-NORD WEST 1617 SV Tempo Göttin. - Po"]
[Site "?"]
[Date "2017.02.05"]
[Round "5.5"]
[White "von Estorff, Jacob"]
[Black "Liebig, Stefan"]
[Result "0-1"]
[WhiteElo "1921"]
[BlackElo "2154"]
[PlyCount "68"]
[EventDate "2017.??.??"]

1. e4 d5 2. exd5 Qxd5 3. Nc3 Qd6 4. Nf3 g6 5. Be2 Bg7 6. O-O Nf6 7. d4 O-O 8.
Nb5 Qb6 9. c4 c6 10. Nc3 Bg4 11. Na4 Qc7 12. Be3 Nbd7 13. Qc2 e5 14. Nxe5 Nxe5
15. dxe5 Qxe5 16. Rad1 h5 17. h3 Bxe2 18. Qxe2 Rfe8 19. Qc2 b5 20. Nc5 Rad8 21.
b3 Bf8 22. Nd3 Qf5 23. Bxa7 Rd7 24. Bb6 Rb8 25. Ba5 bxc4 26. Qxc4 Qxa5 27. Qf4
Qd8 28. Qf3 Rb5 29. Nf4 Rf5 30. g4 hxg4 31. hxg4 Rg5 32. Ne6 fxe6 33. Qxc6
Rxg4+ 34. Kh1 Rh7# 0-1

[Event "OL-NORD WEST 1617 SV Tempo Göttin. - Po"]
[Site "?"]
[Date "2017.02.05"]
[Round "5.6"]
[White "Karwatt, Lothar"]
[Black "Untiedt, Jan Niklas"]
[Result "1/2-1/2"]
[WhiteElo "2124"]
[BlackElo "1929"]
[PlyCount "56"]
[EventDate "2017.??.??"]

1. d4 d5 2. c4 e6 3. Nc3 Nf6 4. cxd5 exd5 5. Bg5 Be7 6. e3 O-O 7. Bd3 c6 8. Qc2
h6 9. Bh4 Re8 10. Nf3 Nbd7 11. O-O Ne4 12. Bxe7 Qxe7 13. Bxe4 dxe4 14. Nd2 f5
15. f3 Nf6 16. fxe4 fxe4 17. h3 Nd5 18. Rae1 Nxc3 19. bxc3 Qh4 20. Kh2 Kh8 21.
Nc4 Be6 22. Ne5 Kg8 23. Re2 Qh5 24. g4 Qh4 25. Qxe4 Bc4 26. Qf3 Bxe2 27. Qf7+
Kh7 28. Qf5+ Kg8 {(=)} 1/2-1/2

[Event "OL-NORD WEST 1617 SV Tempo Göttin. - Po"]
[Site "?"]
[Date "2017.02.05"]
[Round "5.7"]
[White "Cohrs, Joerg-Artur"]
[Black "Hagemann, Sven"]
[Result "1/2-1/2"]
[WhiteElo "1951"]
[BlackElo "2007"]
[PlyCount "35"]
[EventDate "2017.??.??"]

1. e4 c5 2. Nc3 Nc6 3. Nge2 Nf6 4. d4 cxd4 5. Nxd4 e6 6. Nxc6 bxc6 7. e5 Nd5 8.
Nxd5 cxd5 9. Bd3 Qc7 10. Bf4 Rb8 11. Qc1 Qb6 12. Rb1 Be7 13. O-O O-O 14. Qd2 d6
15. c4 dxe5 16. Bxe5 Bd6 17. Bxg7 Kxg7 18. Qg5+ 1/2-1/2

[Event "OL-NORD WEST 1617 SV Tempo Göttin. - Po"]
[Site "?"]
[Date "2017.02.05"]
[Round "5.8"]
[White "Petzold, Lutz Lukas"]
[Black "List, Joachim"]
[Result "1/2-1/2"]
[WhiteElo "2250"]
[BlackElo "2221"]
[PlyCount "65"]
[EventDate "2017.??.??"]

1. e4 c5 2. Nf3 e6 3. d4 cxd4 4. Nxd4 Nf6 5. Nc3 d6 6. Bd3 Nc6 7. Be3 Bd7 8.
O-O Be7 9. Kh1 Nxd4 10. Bxd4 e5 11. Be3 O-O 12. Bc4 Bc6 13. f3 Qc7 14. Qe2 Rac8
15. Bb3 b6 16. Rfd1 Rfd8 17. Rac1 Qb7 18. Bg5 Ne8 19. Be3 Nf6 20. Bg5 Ne8 21.
Bxe7 Qxe7 22. Bd5 Nf6 23. Bxc6 Rxc6 24. Nd5 Nxd5 25. Rxd5 Rc5 26. Rcd1 Rxd5 27.
Rxd5 Rc8 28. Qd2 h6 29. b3 Rc5 30. Rxd6 Rxc2 31. Qxc2 Qxd6 32. Qc8+ Kh7 33.
Qf5+ {(=)} 1/2-1/2

[Event "OL-NORD WEST 1617 Bremer SG - SV Werder"]
[Site "?"]
[Date "2017.02.05"]
[Round "5.1"]
[White "Steffens, Olaf"]
[Black "Zeitlein, Michael"]
[Result "1-0"]
[WhiteElo "2248"]
[BlackElo "2369"]
[PlyCount "51"]
[EventDate "2017.??.??"]

1. b4 e5 2. a3 Nf6 3. Bb2 d6 4. c4 g6 5. e3 Bg7 6. Nc3 O-O 7. Nf3 Re8 8. Be2 e4
9. Nd4 c5 10. Nb3 b6 11. d4 Na6 12. b5 Nc7 13. Qc2 Qe7 14. h3 h5 15. d5 Bf5 16.
Nd2 g5 17. g4 hxg4 18. hxg4 Bg6 19. O-O-O Qd7 20. Rdg1 Re7 21. Rh5 Bxh5 22.
gxh5 Qf5 23. f4 g4 24. Ncxe4 Rxe4 25. Nxe4 Qxe4 26. Qxe4 1-0

[Event "OL-NORD WEST 1617 Bremer SG - SV Werder"]
[Site "?"]
[Date "2017.02.05"]
[Round "5.2"]
[White "Borik, Otto"]
[Black "Kardoeus, David"]
[Result "1-0"]
[WhiteElo "2372"]
[BlackElo "2173"]
[PlyCount "71"]
[EventDate "2017.??.??"]

1. Nf3 Nf6 2. d4 g6 3. c4 Bg7 4. Nc3 d6 5. e4 O-O 6. Be3 e5 7. Be2 Ng4 8. Bg5
f6 9. Bh4 Nc6 10. d5 Ne7 11. Nd2 f5 12. h3 Nf6 13. g4 fxe4 14. Ndxe4 h6 15. Bd3
Nxe4 16. Bxe4 Bf6 17. Bg3 Bg5 18. Qd3 Kg7 19. Ne2 c5 20. dxc6 Qa5+ 21. Nc3 Nxc6
22. Qxd6 Rf6 23. Qd5 Qc7 24. Rd1 Bf4 25. O-O Nd4 26. Bxf4 Rxf4 27. Rxd4 exd4
28. Qxd4+ Kg8 29. Nd5 Qd6 30. c5 Rxe4 31. Nf6+ Qxf6 32. Qxf6 Re6 33. Qd8+ Kf7
34. Qh8 b6 35. Rd1 Re7 36. Rd8 1-0

[Event "OL-NORD WEST 1617 Bremer SG - SV Werder"]
[Site "?"]
[Date "2017.02.05"]
[Round "5.3"]
[White "Brinkmann, Fabian"]
[Black "Hundack, Rolf"]
[Result "1/2-1/2"]
[WhiteElo "2105"]
[BlackElo "2132"]
[PlyCount "113"]
[EventDate "2017.??.??"]

1. e4 e5 2. Nf3 Nc6 3. Nc3 Nf6 4. Bb5 d6 5. d4 exd4 6. Nxd4 Bd7 7. Bxc6 bxc6 8.
Qf3 c5 9. Nf5 Bxf5 10. Qxf5 Qd7 11. Qxd7+ Nxd7 12. Nb5 Kd8 13. Bg5+ Kc8 14.
O-O-O h6 15. Bd2 Be7 16. Ba5 Nb6 17. Bc3 Rg8 18. b3 Kb7 19. a4 a6 20. Na3 Rae8
21. Rhe1 Bg5+ 22. Kb2 Re6 23. f3 Bf4 24. g3 Be5 25. Bxe5 Rxe5 26. Rf1 Rf8 27.
Rf2 Re7 28. Rfd2 f5 29. exf5 Rxf5 30. f4 Rf8 31. Nb1 Rfe8 32. Nc3 Kc6 33. a5
Nd7 34. Nd5 Re1 35. Rxe1 Rxe1 36. c4 Nf8 37. f5 Nd7 38. Nf4 Nf6 39. Nd3 Re3 40.
Nf2 Kd7 41. Nd1 Re5 42. g4 h5 43. h3 hxg4 44. hxg4 Re1 45. Nf2 Rg1 46. Nd3 Kc8
47. Nf4 Rxg4 48. Ne6 g6 49. fxg6 Rxg6 50. Rh2 Ng8 51. Nf4 Rg7 52. Rh8 Kb7 53.
Ne6 Rg6 54. Nf4 Rg7 55. Ne6 Rg6 56. Nf4 Rg7 57. Ne6 1/2-1/2

[Event "OL-NORD WEST 1617 Bremer SG - SV Werder"]
[Site "?"]
[Date "2017.02.05"]
[Round "5.4"]
[White "Issing, Peter"]
[Black "Lai Hop, Duong"]
[Result "1-0"]
[WhiteElo "2175"]
[BlackElo "2173"]
[PlyCount "89"]
[EventDate "2017.??.??"]

1. d4 d5 2. Nf3 Nf6 3. c4 c6 4. e3 Bf5 5. Nc3 e6 6. Nh4 Bg4 7. Qb3 b6 8. h3 Bh5
9. g4 Nfd7 10. Ng2 Bg6 11. Nf4 Nf6 12. Nxg6 hxg6 13. Bg2 g5 14. Bd2 Be7 15.
O-O-O Nbd7 16. Kb1 Rc8 17. cxd5 Nxd5 18. Ne2 Bd6 19. e4 Nf4 20. Nxf4 Bxf4 21.
Be3 Bxe3 22. fxe3 e5 23. Rhf1 Qe7 24. Rf2 Rh6 25. Rfd2 Rd6 26. Qa3 Rc7 27. d5
c5 28. Bf1 Nf6 29. Qa4+ Kf8 30. Rc1 Rd8 31. Bb5 a5 32. Rf2 Ng8 33. Rcf1 Nh6 34.
Bc6 f6 35. Qb3 Rb8 36. a4 Nf7 37. Rh2 Nd6 38. h4 gxh4 39. Rxh4 Kg8 40. Rfh1 c4
41. Qc2 Rcc8 42. Qh2 Nf7 43. d6 Qxd6 44. Rh8+ Nxh8 45. Bd5+ 1-0

[Event "OL-NORD WEST 1617 Bremer SG - SV Werder"]
[Site "?"]
[Date "2017.02.05"]
[Round "5.5"]
[White "Buescher, Andre"]
[Black "Giel, Olaf"]
[Result "1/2-1/2"]
[WhiteElo "2048"]
[BlackElo "2128"]
[PlyCount "69"]
[EventDate "2017.??.??"]

1. d4 Nf6 2. c4 e5 3. dxe5 Ng4 4. Bf4 Nc6 5. Nf3 Bb4+ 6. Nbd2 Qe7 7. a3 Ngxe5
8. Nxe5 Nxe5 9. e3 Bxd2+ 10. Qxd2 d6 11. Be2 O-O 12. O-O b6 13. b4 Bb7 14. Qc3
Rfe8 15. c5 dxc5 16. bxc5 Qf6 17. Rfc1 bxc5 18. Bf1 c4 19. Bxe5 Rxe5 20. f4 Re4
21. Qxf6 gxf6 22. Rxc4 Rxe3 23. Rxc7 Bd5 24. Rd1 Be6 25. Rd3 Rxd3 26. Bxd3 Rd8
27. Rc3 f5 28. Kf2 Kg7 29. Ke3 Rd7 30. Rc5 Kf6 31. Ra5 Rb7 32. Rb5 Rc7 33. Ra5
Rb7 34. Rb5 Rc7 35. Ra5 1/2-1/2

[Event "OL-NORD WEST 1617 Bremer SG - SV Werder"]
[Site "?"]
[Date "2017.02.05"]
[Round "5.6"]
[White "Peters, Frank"]
[Black "Schoetzig, Detlef"]
[Result "1-0"]
[WhiteElo "2115"]
[BlackElo "2114"]
[PlyCount "105"]
[EventDate "2017.??.??"]

1. c4 e5 2. g3 Nf6 3. Bg2 Nc6 4. Nc3 Bc5 5. e3 O-O 6. Nge2 Re8 7. O-O Bf8 8. d4
d6 9. h3 Rb8 10. b3 Bd7 11. Bb2 a6 12. Qd2 h6 13. Kh2 Qc8 14. Nd5 Nh7 15. f4 e4
16. Ndc3 f5 17. d5 Ne7 18. Qd4 Nf6 19. Rac1 Qd8 20. Rc2 Ng6 21. Nd1 Qe7 22. Nf2
Qf7 23. a4 Ne7 24. Qc3 b6 25. Ra1 a5 26. Rd1 Qh5 27. Kg1 Kh8 28. Qd2 Qg6 29.
Kh2 Neg8 30. Rg1 Nh5 31. Bf1 Nhf6 32. Nd4 Qf7 33. Nb5 Rbc8 34. Bc3 Be7 35. Na7
Ra8 36. Nb5 Rac8 37. Be2 Bxb5 38. axb5 Nd7 39. g4 Bh4 40. gxf5 Ngf6 41. Ng4 Ra8
42. Ra2 Nc5 43. Qd1 Rf8 44. Bd4 Qe7 45. Bf1 Rg8 46. Rag2 Raf8 47. Nxh6 gxh6 48.
Qh5 Kh7 49. Qxh4 Rxg2+ 50. Rxg2 Rf7 51. Rg6 Ng8 52. Qg4 Nf6 53. Rxh6+ 1-0

[Event "OL-NORD WEST 1617 Bremer SG - SV Werder"]
[Site "?"]
[Date "2017.02.05"]
[Round "5.7"]
[White "Pollmann, Sascha"]
[Black "Rust-Lux, Klaus"]
[Result "1-0"]
[WhiteElo "2065"]
[BlackElo "2070"]
[PlyCount "59"]
[EventDate "2017.??.??"]

1. Nf3 d6 2. g3 e5 3. d3 f5 4. Bg2 Nf6 5. O-O g6 6. e4 fxe4 7. dxe4 Bg7 8. Re1
O-O 9. Nbd2 Na6 10. Qe2 Kh8 11. Nb3 Qe7 12. Bg5 Be6 13. Rad1 h6 14. Nh4 Kh7 15.
Bc1 Nh5 16. Nf5 gxf5 17. Qxh5 f4 18. gxf4 exf4 19. e5 dxe5 20. Bxb7 Kh8 21.
Bxa6 Rf5 22. Qf3 Raf8 23. Kh1 Qh4 24. Be2 Rg5 25. Rg1 Rxg1+ 26. Rxg1 Rd8 27. c4
Bf5 28. Qg2 Qe7 29. Bg4 Bh7 30. Nc5 1-0

[Event "OL-NORD WEST 1617 Bremer SG - SV Werder"]
[Site "?"]
[Date "2017.02.05"]
[Round "5.8"]
[White "Krajina, Davor"]
[Black "Heinemann, Lars"]
[Result "1-0"]
[WhiteElo "2262"]
[BlackElo "2023"]
[PlyCount "103"]
[EventDate "2017.??.??"]

1. e4 g6 2. d4 Bg7 3. Nc3 d6 4. Be3 a6 5. Qd2 b5 6. h4 h5 7. O-O-O Nd7 8. f4
Bb7 9. Bd3 Rc8 10. e5 c5 11. dxc5 Nxc5 12. f5 Nxd3+ 13. Qxd3 Bxe5 14. fxg6 Nh6
15. Nf3 Bxf3 16. gxf3 Qc7 17. Bxh6 Rxh6 18. gxf7+ Kxf7 19. Qf5+ Ke8 20. Rhg1
Rh8 21. Nd5 Qc5 22. f4 Bxf4+ 23. Kb1 Be5 24. Rgf1 Kd8 25. Rd2 Re8 26. a3 e6 27.
Qg5+ Kd7 28. Rf7+ Kc6 29. Nb4+ Kb6 30. Nd3 Qd4 31. Nxe5 Qxe5 32. Qxe5 dxe5 33.
Rh7 Rc4 34. Rxh5 Kc6 35. Re2 e4 36. Re5 e3 37. h5 Rh4 38. R2xe3 Kd7 39. b4 Rh2
40. Kb2 Rc8 41. Re2 Rxe2 42. Rxe2 Rh8 43. Rh2 Kd6 44. h6 Rh7 45. Kc3 Kd5 46.
Kd3 e5 47. Rh5 Ke6 48. Ke4 Kf6 49. Rf5+ Kg6 50. Rxe5 Kxh6 51. Re6+ Kg5 52. Rxa6
1-0

[Event "OL-NORD WEST 1617 Union Oldenburg - SF"]
[Site "?"]
[Date "2017.02.05"]
[Round "5.1"]
[White "Schirm, Friedmar"]
[Black "Bredemeier, Dirk"]
[Result "1-0"]
[WhiteElo "2231"]
[BlackElo "2301"]
[PlyCount "103"]
[EventDate "2017.??.??"]

1. d4 Nf6 2. Nf3 e6 3. g3 b6 4. Bg2 Bb7 5. c4 Bb4+ 6. Bd2 a5 7. O-O Bxd2 8.
Qxd2 O-O 9. Nc3 d6 10. Qc2 Nbd7 11. Rad1 c6 12. e4 Qc7 13. Rfe1 e5 14. c5 dxc5
15. dxe5 Nxe5 16. Nxe5 Qxe5 17. f4 Qc7 18. e5 Nd5 19. Ne4 h6 20. f5 Qxe5 21.
Nxc5 Qc7 22. Nxb7 Qxb7 23. Bxd5 cxd5 24. f6 g6 25. Re7 Qc8 26. Qd2 Qf5 27. Rf1
Qg5 28. Qd4 Rac8 29. Re5 Rc4 30. Qxd5 Qg4 31. Qd6 Qd4+ 32. Qxd4 Rxd4 33. Rb5
Rb8 34. Rf3 g5 35. Rfb3 Rd6 36. Rxa5 Rxf6 37. Rd5 Rc8 38. Rd2 Kg7 39. Kg2 Ra8
40. a3 Ra4 41. Rf3 Re6 42. Rd7 Re2+ 43. Rf2 Rxf2+ 44. Kxf2 Rc4 45. Ke3 Rc2 46.
Rd2 Rc4 47. Rd6 b5 48. Rd5 b4 49. Rd4 Rc2 50. Rxb4 Rxh2 51. a4 h5 52. a5 1-0